Central Library OPAC University of Rajshahi

End of a betrayal and restoration of Lahore Resolution / (Record no. 36187)

MARC details
000 -LEADER
fixed length control field 00603nam a22002057a 4500
001 - CONTROL NUMBER
control field 36187
003 - CONTROL NUMBER IDENTIFIER
rucl marc code BD-RjUL
005 - DATE AND TIME OF LATEST TRANSACTION
control field 20211209052440.0
008 - FIXED-LENGTH DATA ELEMENTS--GENERAL INFORMATION
fixed length control field 160714s1975 pk ||||| |||| 000 0 eng d
035 ## - SYSTEM CONTROL NUMBER
System control number (BD-RjUL)
040 ## - CATALOGING SOURCE
Original cataloging agency BD-RjUL
Language of cataloging eng
Transcribing agency BD-RjUL
041 ## - LANGUAGE CODE
Language code of text/sound track or separate title eng
082 04 - DEWEY DECIMAL CLASSIFICATION NUMBER
Classification number 320.95491
Author mark and year AHE 1975
100 ## - MAIN ENTRY--PERSONAL NAME
Personal name Ahmad, abul mansur
9 (RLIN) 110122
245 10 - TITLE STATEMENT
Title End of a betrayal and restoration of Lahore Resolution /
Statement of responsibility, etc. Abul mansur Ahmad
260 ## - PUBLICATION, DISTRIBUTION, ETC. (IMPRINT)
Place of publication, distribution, etc. Dacca :
Name of publisher, distributor, etc. Khoshroz Kitab Mahal,
Date of publication, distribution, etc. 1975.
300 ## - PHYSICAL DESCRIPTION
Pagination 658 p. ;
Size 26 cm.
650 07 - SUBJECT ADDED ENTRY--TOPICAL TERM
Topical term or geographic name as entry element Politics and government.
9 (RLIN) 83240
Geographic subdivision Pakistan
942 ## - ADDED ENTRY ELEMENTS (KOHA)
Source of classification or shelving scheme Dewey Decimal Classification
Koha item type Books
Holdings
Lost status Source of classification or shelving scheme Damaged status Not for loan Collection code Permanent Location Current Location Shelving location Date acquired Source of acquisition Cost, normal purchase price Total Checkouts Full call number Date last seen Copy number Koha item type
  Dewey Decimal Classification   Not For Loan Non-fiction Central Library, University of Rajshahi Central Library, University of Rajshahi Reading Room 03/02/1976 Newroge 35.00   320.95491 AHE 1975 17/06/2014 C-1 Books
  Dewey Decimal Classification     Non-fiction Central Library, University of Rajshahi Central Library, University of Rajshahi   03/02/1976 Nawroge 35.00   320.95491 AHE 1975 14/07/2016 C-2 Books